00386nam a2200121Ia 4500008004100000082001900041100002100060245004800081260007000129300001000199630001800209650003700227211118s9999||||xx |||||||||||||| ||und|| a025.435bRAN-D aRanganathan, S R 0aDescriptive Account of Colon Classification bSarada Ranganthan Endownment for Library ScienceaBangalorec2013 a300p. xGeneral Stack aLibrary SciencevLibrary Science